FINANCIAL ACCOUNTING (Record no. 215560)

MARC details
000 -LEADER
fixed length control field 00849nam a22001937a 4500
008 - FIXED-LENGTH DATA ELEMENTS--GENERAL INFORMATION
fixed length control field 250604b |||||||| |||| 00| 0 eng d
020 ## - INTERNATIONAL STANDARD BOOK NUMBER
International Standard Book Number 978-0-618-31074-6<br/>
050 ## - LIBRARY OF CONGRESS CALL NUMBER
Classification number HF 5635 .N 44 2004
100 ## - MAIN ENTRY--PERSONAL NAME
Personal name NEEDLES POWERS
245 ## - TITLE STATEMENT
Title FINANCIAL ACCOUNTING
250 ## - EDITION STATEMENT
Edition statement 8
260 ## - PUBLICATION, DISTRIBUTION, ETC.
Place of publication, distribution, etc. BOSTON,
Name of publisher, distributor, etc. HOUGHTON MIFFLIN COMPANY,
Date of publication, distribution, etc. 2004,
300 ## - PHYSICAL DESCRIPTION
Extent XXii, 780 P, ILL
500 ## - GENERAL NOTE
General note INCLUDES BIBLIOGRAPHICAL REFERENCES AND INDEX
650 ## - SUBJECT ADDED ENTRY
Topical term or geographic name entry element Accounting
700 ## - ADDED ENTRY--PERSONAL NAME
Personal name POWERS MARIAN
942 ## - ADDED ENTRY ELEMENTS (KOHA)
Source of classification or shelving scheme Library of Congress Classification
Koha item type Long Loan Book
Holdings
Withdrawn status Lost status Source of classification or shelving scheme Damaged status Not for loan Collection Home library Current library Shelving location Date acquired Inventory number Total checkouts Full call number Barcode Date last seen Copy number Price effective from Koha item type
    Library of Congress Classification     Business & Economics Kisii University Library Kisii University Library On Display 06/04/2025 84548   HF 5635 .N 44 2004 000000018951 06/04/2025 3 06/04/2025 Long Loan Book